Mechatronics
Đã lưu trong:
| Formáid: | Leabhar |
|---|---|
| Teanga: | Undetermined |
| Foilsithe: |
Tokyo
The Nomura Securities
1980
|
| Ábhair: | |
| Clibeanna: |
Cuir Clib Leis
Gan Chlibeanna, Bí ar an gcéad duine leis an taifead seo a chlibeáil!
|
| Thư viện lưu trữ: | Trung tâm Học liệu Trường Đại học Cần Thơ |
|---|
| LEADER | 00385nam a2200157Ia 4500 | ||
|---|---|---|---|
| 001 | CTU_98246 | ||
| 008 | 210402s9999 xx 000 0 und d | ||
| 082 | |a 621 | ||
| 082 | |b M486 | ||
| 245 | 0 | |a Mechatronics | |
| 260 | |a Tokyo | ||
| 260 | |b The Nomura Securities | ||
| 260 | |c 1980 | ||
| 650 | |a Mechatronics | ||
| 904 | |i Truc | ||
| 980 | |a Trung tâm Học liệu Trường Đại học Cần Thơ | ||